UM Logo

Impact Evaluation of MTAP- Saturday Class Program at Ramon Magsaysay Elementary School (Record no. 6555)

MARC details
000 -LEADER
fixed length control field 00482nam a22001217a 4500
008 - FIXED-LENGTH DATA ELEMENTS--GENERAL INFORMATION
fixed length control field 170418b xxu||||| |||| 00| 0 eng d
082 ## - DEWEY DECIMAL CLASSIFICATION NUMBER
Edition number 2016
Classification number UT 0729
Item number Am66
100 ## - MAIN ENTRY--PERSONAL NAME
9 (RLIN) 19824
Personal name Amodia, Gracesila D.
245 ## - TITLE STATEMENT
Title Impact Evaluation of MTAP- Saturday Class Program at Ramon Magsaysay Elementary School
Statement of responsibility, etc. Gracesila D. Amodia, Joana kris R. Cababat, Ella Lou O. Mangyao
300 ## - PHYSICAL DESCRIPTION
Extent 45 pages;
Other physical details 30 cm.
650 #0 - SUBJECT ADDED ENTRY--TOPICAL TERM
9 (RLIN) 19825
Topical term or geographic name as entry element Education
Form subdivision Mathematics
General subdivision Undergraduate Thesis.
942 ## - ADDED ENTRY ELEMENTS (KOHA)
Source of classification or shelving scheme Dewey Decimal Classification
Koha item type Undergraduate Thesis
Holdings
Withdrawn status Lost status Source of classification or shelving scheme Damaged status Not for loan Home library Current library Date acquired Total Checkouts Full call number Barcode Date last seen Copy number Price effective from Koha item type
    Dewey Decimal Classification     UM Digos College - LIC UM Digos College - LIC 02/27/2017   UT 0729 Am66 2016 UT0729 04/18/2017 1 04/18/2017 Undergraduate Thesis
    Dewey Decimal Classification     UM Digos College - LIC UM Digos College - LIC 02/27/2017   UT 0747 Am66 2016 UT0747 04/24/2017 2 04/24/2017 Undergraduate Thesis